Elements of the topology of plane sets of points /
Guardado en:
| Autor Principal: | |
|---|---|
| Formato: | Libro |
| Idioma: | English |
| Publicado: |
Cambridge [Eng.] :
The University Press,
1939.
|
| Materias: | |
| Etiquetas: |
Agregar Etiqueta
Sin Etiquetas, Sea el primero en etiquetar este registro!
|
| LEADER | 00689cam a22001931a 4500 | ||
|---|---|---|---|
| 001 | MAT.inmabb006395 | ||
| 008 | 750122s1939####enka#####b####000#0#eng## | ||
| 005 | 20130404153825.0 | ||
| 245 | 0 | 0 | |a Elements of the topology of plane sets of points / |c by M.H.A. Newman ... |
| 260 | |a Cambridge [Eng.] : |b The University Press, |c 1939. | ||
| 300 | |a viii, 221 p. : |b diagrs. ; |c 22 cm. | ||
| 504 | |a Bibliographical references included in "Notes" (p. 200-216) | ||
| 100 | 1 | |a Newman, M. H. A. |q (Maxwell Herman Alexander), |d 1897- | |
| 650 | 0 | |a Set theory. | |
| 650 | 0 | |a Topology. | |
| 084 | |a 54-01 |2 msc2000 | ||
| 010 | |a 39021647 | ||
| 040 | |a DLC |c TxArU |d OCoLC |d DLC | ||
| 859 | |h 54 |i N551 |p A-8628 |b BIB. MATEMATICA | ||
